Para entender la violencia en las escuelas. Percepciones de alumnos y maestros sobre la violencia, disciplina y consumo de sustancias nocivas en primarias y secundarias.

Gespeichert in:
Bibliographische Detailangaben
Körperschaften: Instituto Nacional para la Evaluación de la Educación (México), Fundación Este País (México)
Format: Buch
Sprache:Spanisch
Schriftenreihe:(Suplementos Este País)
Schlagworte:
Online-Zugang:Ver documento en línea
Tags: Tag hinzufügen
Keine Tags, Fügen Sie das erste Tag hinzu!

MARC

LEADER 00000nam^a2200000^u^4500
001 000514703
005 20260414000000.0
008 100921s1000^^^^^^^^^^^^r^^^^^000^0^spa^d
009 20260414154349.159
035 |a FCE 000058917 
037 |a Acervo ITESO - Biblioteca 
041 |a spa 
095 |a 172 
110 |a Instituto Nacional para la Evaluación de la Educación (México) 
245 1 0 |a Para entender la violencia en las escuelas.  |b Percepciones de alumnos y maestros sobre la violencia, disciplina y consumo de sustancias nocivas en primarias y secundarias. 
264 |a México:  |b Fundación Este País: INEE,  |c [2008?] 
300 |a 8 p. 
336 |a texto  |b txt  |2 rdacontenido 
337 |a sin mediación  |b n  |2 rdamedio 
338 |a volumen  |b nc  |2 rdasoporte 
440 1 |a (Suplementos Este País) 
596 |a Archivo en formato PDF.Educación básica 
596 |a Forma de Acceso: Internet vía la World Wide Web. 
596 |a Requerimientos del sistema. Internet connectivity, World Wide Web browser. 
649 |a XX 
650 |a Educación básica 
650 |a Alcoholismo 
650 |a Violencia escolar 
650 |a Adicciones 
710 |a Fundación Este País (México) 
856 4 0 |u https://www.inee.edu.mx/images/stories/Publicaciones/Textos_divulgacion/Este_Pais/violencia/violenciaa.pdf  |y Ver documento en línea 
910 |a Fondo Centro de Estudios Educativos 
920 |a Impresos - Libros 
930 |a Fondos Especiales 
905 |a 133 
902 |a https://opac.biblio.iteso.mx/vufind/Record/000514703